[Event "Titled Tuesday intern op 22nd Aug Late"]
[Site "Chess.com INT"]
[Date "2023.08.22"]
[Round "6"]
[White "Antonio, Jorge Carlos"]
[Black "Jonkman, Harmen"]
[Result "1-0"]
[WhiteElo "2277"]
[BlackElo "2323"]
[PlyCount "41"]
[EventDate "2023.08.22"]
[EventType "swiss (blitz)"]
[EventRounds "11"]
[EventCountry "USA"]
[SourceTitle "EXT 2024"]
[Source "ChessBase"]
[SourceDate "2023.10.10"]
[SourceVersion "1"]
[SourceVersionDate "2023.10.10"]
[SourceQuality "1"]

1. e4 e5 2. f4 exf4 3. Nf3 Nf6 4. Nc3 Be7 5. d4 Nh5 6. Be2 0-0 7. 0-0 g5 8. Nxg5 Bxg5 9. Bxh5 f5 10. Bxf4 d6 11. Qf3 Bxf4 12. Qxf4 Nc6 13. Rf3 Nxd4 14. Rg3+ Kh8 15. Qh6 Qf6 16. Bg6 Qg7 17. Qxg7+ Kxg7 18. Bxf5+ Kh8 19. Rf1 Nxc2 20. Nb5 Nd4 21. Nxd4 1-0

[Event "Titled Tuesday intern op 22nd Aug Late"]
[Site "Chess.com INT"]
[Date "2023.08.22"]
[Round "2"]
[White "Cieslak, Patryk"]
[Black "Jonkman, Harmen"]
[Result "1-0"]
[WhiteElo "2270"]
[BlackElo "2323"]
[PlyCount "77"]
[EventDate "2023.08.22"]
[EventType "swiss (blitz)"]
[EventRounds "11"]
[EventCountry "USA"]
[SourceTitle "EXT 2024"]
[Source "ChessBase"]
[SourceDate "2023.10.10"]
[SourceVersion "1"]
[SourceVersionDate "2023.10.10"]
[SourceQuality "1"]

1. e4 e5 2. Nf3 Nc6 3. Bb5 Nf6 4. d3 Bc5 5. c3 0-0 6. 0-0 Re8 7. Nbd2 a6 8. Bxc6 bxc6 9. Nc4 d6 10. Be3 Bxe3 11. Nxe3 a5 12. Re1 a4 13. b4 axb3 14. axb3 Be6 15. b4 Rxa1 16. Qxa1 Qa8 17. Qa5 Qb7 18. Ra1 Nd7 19. Qa7 Qc8 20. h3 h6 21. Qa6 c5 22. b5 Qb8 23. c4 Nf8 24. Qa7 Qd8 25. Qb7 Ng6 26. Ra7 Nf4 27. Qxc7 Qf6 28. Ne1 Bxh3 29. b6 Bxg2 30. N1xg2 Nxd3 31. Nf5 g6 32. Qxd6 Qg5 33. Re7 Rf8 34. Nfe3 Nf4 35. Kf1 Nh3 36. b7 Rd8 37. Qxd8+ Kg7 38. b8Q Qxe3 39. Qh8# 1-0

[Event "Titled Tuesday intern op 22nd Aug Late"]
[Site "Chess.com INT"]
[Date "2023.08.22"]
[Round "1"]
[White "Jonkman, Harmen"]
[Black "Perske, Thore"]
[Result "1-0"]
[WhiteElo "2323"]
[BlackElo "2448"]
[PlyCount "79"]
[EventDate "2023.08.22"]
[EventType "swiss (blitz)"]
[EventRounds "11"]
[EventCountry "USA"]
[SourceTitle "EXT 2024"]
[Source "ChessBase"]
[SourceDate "2023.10.10"]
[SourceVersion "1"]
[SourceVersionDate "2023.10.10"]
[SourceQuality "1"]

1. d4 d5 2. Nf3 Nf6 3. Bf4 c5 4. e3 Nc6 5. Nbd2 Bg4 6. h3 Bh5 7. c3 e6 8. Be2 Qb6 9. Qb3 c4 10. Qc2 Bg6 11. Qc1 Be7 12. b3 cxb3 13. axb3 h6 14. 0-0 0-0 15. Ne5 Nxe5 16. Bxe5 Rfc8 17. Qb2 a6 18. Ra2 Rc6 19. c4 Ne4 20. c5 Qd8 21. Rfa1 Rac8 22. b4 Nxd2 23. Qxd2 Bf6 24. Bg3 Bh4 25. Bf4 Bg5 26. Bh2 R6c7 27. Bxc7 Qxc7 28. b5 axb5 29. Bxb5 e5 30. Ra8 e4 31. Qa5 Kh7 32. Qxc7 Rxc7 33. R1a7 f5 34. g3 h5 35. h4 Bf6 36. Rb8 f4 37. gxf4 Rf7 38. Raxb7 Be7 39. c6 Bf5 40. Re8 1-0

[Event "Titled Tuesday intern op 18th Jul Late"]
[Site "Chess.com INT"]
[Date "2023.07.18"]
[Round "9"]
[White "Przybylski, Wojciech"]
[Black "Jonkman, Harmen"]
[Result "1-0"]
[WhiteElo "2308"]
[BlackElo "2331"]
[PlyCount "75"]
[EventDate "2023.07.18"]
[EventType "swiss (blitz)"]
[EventRounds "11"]
[EventCountry "USA"]
[SourceTitle "EXT 2024"]
[Source "ChessBase"]
[SourceDate "2023.10.10"]
[SourceVersion "1"]
[SourceVersionDate "2023.10.10"]
[SourceQuality "1"]

1. e4 e5 2. Nf3 Nc6 3. d4 exd4 4. Nxd4 Nf6 5. Nxc6 bxc6 6. e5 Qe7 7. Qe2 Nd5 8. c4 Nb6 9. Nc3 g6 10. f4 Bg7 11. Qe4 0-0 12. Bd3 Re8 13. 0-0 d6 14. c5 d5 15. Qf3 Qxc5+ 16. Be3 Qb4 17. Qf2 Nc4 18. Bd4 Qxb2 19. Qg3 Qa3 20. Rfb1 Nd2 21. Rd1 Nc4 22. Bxc4 dxc4 23. Rac1 Bf5 24. Qf3 Bd3 25. Qxc6 Rad8 26. Nd5 Qxa2 27. Bf2 Qe2 28. Re1 Qd2 29. Nf6+ Bxf6 30. Qxf6 c3 31. Red1 Qe2 32. Re1 Qd2 33. Red1 Qb2 34. e6 Rf8 35. e7 Rde8 36. exf8Q+ Rxf8 37. Bd4 Rd8 38. Qg7# 1-0

[Event "Titled Tuesday intern op 20th Jun Late"]
[Site "Chess.com INT"]
[Date "2023.06.20"]
[Round "3"]
[White "Jonkman, Harmen"]
[Black "Ashraf, Artin"]
[Result "0-1"]
[WhiteElo "2333"]
[BlackElo "2308"]
[PlyCount "70"]
[EventDate "2023.06.20"]
[EventType "swiss (blitz)"]
[EventRounds "11"]
[EventCountry "USA"]
[SourceTitle "EXT 2024"]
[Source "ChessBase"]
[SourceDate "2023.10.10"]
[SourceVersion "1"]
[SourceVersionDate "2023.10.10"]
[SourceQuality "1"]

1. d4 Nf6 2. Nf3 d5 3. Bf4 c5 4. e3 cxd4 5. exd4 Bg4 6. Nbd2 Nc6 7. Bb5 e6 8. h3 Bxf3 9. Qxf3 Rc8 10. c3 a6 11. Bd3 Bd6 12. Bg5 Be7 13. 0-0 Nd7 14. Bf4 Bg5 15. Rae1 Bxf4 16. Qxf4 0-0 17. Re3 Qf6 18. Qg4 g6 19. h4 h5 20. Qh3 b5 21. a3 Qg7 22. Rfe1 Nf6 23. Rg3 Ng4 24. f3 Nh6 25. Nb3 Rb8 26. Nc5 Nxd4 27. Nd7 Ndf5 28. Rg5 f6 29. Rxf5 exf5 30. Nxb8 Rxb8 31. Qg3 Qa7+ 32. Kh1 Kg7 33. Qd6 Nf7 34. Qc6 Ne5 35. Bc2 Nxc6 0-1

[Event "Titled Tuesday intern op 20th Jun Late"]
[Site "Chess.com INT"]
[Date "2023.06.20"]
[Round "2"]
[White "Jonkman, Harmen"]
[Black "McConnell, Sullivan Mac"]
[Result "0-1"]
[WhiteElo "2333"]
[BlackElo "2037"]
[PlyCount "80"]
[EventDate "2023.06.20"]
[EventType "swiss (blitz)"]
[EventRounds "11"]
[EventCountry "USA"]
[SourceTitle "EXT 2024"]
[Source "ChessBase"]
[SourceDate "2023.10.10"]
[SourceVersion "1"]
[SourceVersionDate "2023.10.10"]
[SourceQuality "1"]

1. d4 e6 2. e4 d5 3. e5 c5 4. c3 Nc6 5. Nf3 Bd7 6. Be2 f6 7. 0-0 fxe5 8. Nxe5 Nxe5 9. dxe5 Qc7 10. c4 d4 11. Re1 0-0-0 12. Bd3 Nh6 13. Nd2 Nf7 14. Nf3 Bc6 15. a3 Bxf3 16. Qxf3 Nxe5 17. Qh3 Nxd3 18. Qxd3 e5 19. Qf5+ Kb8 20. Qxe5 Bd6 21. Qh5 Rdf8 22. Bg5 g6 23. Qh3 Rf5 24. Bh4 Rhf8 25. Re6 Bf4 26. Rae1 a6 27. Re8+ Ka7 28. Rxf8 Rxf8 29. Bg3 Bxg3 30. hxg3 Qf7 31. Rf1 h5 32. Qh4 Qxc4 33. Qg5 d3 34. Rc1 Qd4 35. Qxc5+ Qxc5 36. Rxc5 Re8 37. Rd5 Re1+ 38. Kh2 Rd1 39. g4 h4 40. Kh3 Rh1# 0-1

[Event "Titled Tuesday intern op 13th Jun Late"]
[Site "Chess.com INT"]
[Date "2023.06.13"]
[Round "9"]
[White "Jonkman, Harmen"]
[Black "Pinheiro, Iung Alicio"]
[Result "0-1"]
[WhiteElo "2333"]
[BlackElo "2306"]
[PlyCount "74"]
[EventDate "2023.06.13"]
[EventType "swiss (blitz)"]
[EventRounds "11"]
[EventCountry "USA"]
[SourceTitle "EXT 2024"]
[Source "ChessBase"]
[SourceDate "2023.10.10"]
[SourceVersion "1"]
[SourceVersionDate "2023.10.10"]
[SourceQuality "1"]

1. d4 Nf6 2. Nf3 e6 3. Bf4 d5 4. e3 c5 5. Nbd2 Bd6 6. dxc5 Bxf4 7. exf4 Qc7 8. Nb3 Qxf4 9. Bb5+ Bd7 10. Bxd7+ Nbxd7 11. 0-0 0-0 12. Qe2 Rfc8 13. Qb5 Qc7 14. c3 Nxc5 15. Nxc5 Qxc5 16. Qb3 Ne4 17. Rad1 b5 18. Rd4 a5 19. a3 Rab8 20. g3 h6 21. Kg2 Qc7 22. Rfd1 Qb7 23. Nd2 Nd6 24. Nf3 Nc4 25. Re1 b4 26. cxb4 axb4 27. a4 Ra8 28. Ne5 Qa6 29. Nd3 Qxa4 30. Qxa4 Rxa4 31. b3 e5 32. Rh4 Ra3 33. Nxb4 Rxb3 34. Nxd5 Kh7 35. Ne7 Rc7 36. Nf5 Rb2 37. Rc1 Ne3+ 0-1

[Event "Titled Tuesday intern op 13th Jun Late"]
[Site "Chess.com INT"]
[Date "2023.06.13"]
[Round "3"]
[White "Jonkman, Harmen"]
[Black "Spata, German"]
[Result "0-1"]
[WhiteElo "2333"]
[BlackElo "2376"]
[PlyCount "78"]
[EventDate "2023.06.13"]
[EventType "swiss (blitz)"]
[EventRounds "11"]
[EventCountry "USA"]
[SourceTitle "EXT 2024"]
[Source "ChessBase"]
[SourceDate "2023.10.10"]
[SourceVersion "1"]
[SourceVersionDate "2023.10.10"]
[SourceQuality "1"]

1. d4 e6 2. Nf3 Nf6 3. Bf4 b6 4. h3 Bb7 5. e3 Be7 6. Bd3 0-0 7. 0-0 d5 8. c4 c5 9. Nc3 cxd4 10. Nxd4 Nc6 11. Nxc6 Bxc6 12. Qe2 d4 13. exd4 Qxd4 14. Bg3 Rfd8 15. Rad1 Qc5 16. Rfe1 Qg5 17. a3 Bc5 18. Kh2 Bd6 19. Qe3 Qxe3 20. Rxe3 Bxg3+ 21. Rxg3 Rd7 22. Bc2 Rxd1 23. Nxd1 Kf8 24. Kg1 Rc8 25. Kf1 Be4 26. Rc3 Ke7 27. Ne3 Bxc2 28. Rxc2 Ne4 29. b4 f6 30. Ke2 Nd6 31. g4 g5 32. Kd3 Nf7 33. Ke4 h6 34. f4 gxf4 35. Kxf4 Ne5 36. Ke4 Nf7 37. c5 Ng5+ 38. Kf4 bxc5 39. Rxc5 Nxh3+ 0-1

[Event "Titled Tuesday intern op 13th Jun Late"]
[Site "Chess.com INT"]
[Date "2023.06.13"]
[Round "1"]
[White "Pap, Gyula"]
[Black "Jonkman, Harmen"]
[Result "1-0"]
[WhiteElo "2429"]
[BlackElo "2333"]
[PlyCount "49"]
[EventDate "2023.06.13"]
[EventType "swiss (blitz)"]
[EventRounds "11"]
[EventCountry "USA"]
[SourceTitle "EXT 2024"]
[Source "ChessBase"]
[SourceDate "2023.10.10"]
[SourceVersion "1"]
[SourceVersionDate "2023.10.10"]
[SourceQuality "1"]

1. d4 d5 2. c4 dxc4 3. Nf3 Nf6 4. e3 e6 5. Bxc4 a6 6. 0-0 c5 7. dxc5 Bxc5 8. Qxd8+ Kxd8 9. Rd1+ Ke7 10. Nbd2 b5 11. Be2 Bb7 12. a4 bxa4 13. Rxa4 Nbd7 14. Nb3 Rhc8 15. Nxc5 Nxc5 16. Ra3 Bd5 17. Bd2 Rab8 18. b4 Nce4 19. Be1 Bc4 20. Bxc4 Rxc4 21. Rxa6 Nd5 22. Ne5 Rc7 23. Nc6+ Rxc6 24. Rxc6 Nxb4 25. Rc4 1-0

[Event "Aimchess Play In op"]
[Site "Chess.com INT"]
[Date "2023.06.12"]
[Round "2"]
[White "Mekhitarian, Krikor Sevag"]
[Black "Jonkman, Harmen"]
[Result "1-0"]
[WhiteElo "2537"]
[BlackElo "2333"]
[PlyCount "55"]
[EventDate "2023.06.12"]
[EventType "swiss (rapid)"]
[EventRounds "9"]
[EventCountry "USA"]
[SourceTitle "CBM 214 Extra"]
[Source "ChessBase"]
[SourceDate "2023.07.31"]
[SourceVersion "1"]
[SourceVersionDate "2023.07.31"]
[SourceQuality "1"]

1. Nf3 d5 2. c4 e6 3. d4 dxc4 4. e3 a6 5. Bxc4 Nf6 6. 0-0 c5 7. b3 b5 8. Be2 Bb7 9. Bb2 Nbd7 10. a4 b4 11. Nbd2 Be7 12. Rc1 Rc8 13. Nc4 0-0 14. a5 cxd4 15. Bxd4 Ne4 16. Qc2 Bf6 17. Rfd1 Qe7 18. Bd3 Bxd4 19. Bxe4 Bxe4 20. Qxe4 Bf6 21. Qb7 Ne5 22. Qxa6 Nxf3+ 23. gxf3 Rfd8 24. Qb6 Rb8 25. Rxd8+ Rxd8 26. a6 Ra8 27. Rd1 Be5 28. Nxe5 1-0

[Event "Utrecht OKU op 48th"]
[Site "Utrecht"]
[Date "2023.05.21"]
[Round "6"]
[White "Jonkman, Harmen"]
[Black "Zwirs, Nico"]
[Result "1/2-1/2"]
[WhiteElo "2323"]
[BlackElo "2447"]
[PlyCount "86"]
[EventDate "2023.05.19"]
[EventType "swiss"]
[EventRounds "6"]
[EventCountry "NED"]
[SourceTitle "CBM 214 Extra"]
[Source "ChessBase"]
[SourceDate "2023.07.31"]
[SourceVersion "1"]
[SourceVersionDate "2023.07.31"]
[SourceQuality "1"]

1. d4 Nf6 2. Nf3 g6 3. g3 b6 4. Bg2 Bb7 5. 0-0 Bg7 6. c4 0-0 7. b3 c5 8. Bb2 cxd4 9. Nxd4 Qc8 10. Nc3 Bxg2 11. Kxg2 Qb7+ 12. Nf3 Na6 13. Qd2 Rfd8 14. Rad1 Nc7 15. e4 d6 16. Rfe1 b5 17. Nd5 bxc4 18. Nxe7+ Kf8 19. Nd5 Ncxd5 20. exd5 cxb3 21. Qf4 Nh5 22. Bxg7+ Kxg7 23. Qd4+ Kg8 24. g4 Ng7 25. Rb1 Qd7 26. Rxb3 Re8 27. Rbe3 Rxe3 28. Rxe3 Re8 29. h3 Rxe3 30. fxe3 h5 31. Ng5 hxg4 32. hxg4 Qe7 33. Qf4 Ne8 34. Ne4 Qb7 35. Qg5 Kg7 36. Qd8 Qb2+ 37. Kf3 Qe5 38. Qa8 Nf6 39. Nxf6 Qxf6+ 40. Kg3 Qe5+ 41. Kf3 Qf6+ 42. Kg3 Qe7 43. Kf4 a6 1/2-1/2

[Event "Utrecht OKU op 48th"]
[Site "Utrecht"]
[Date "2023.05.20"]
[Round "4"]
[White "Jonkman, Harmen"]
[Black "Titus, Branco"]
[Result "1-0"]
[WhiteElo "2323"]
[BlackElo "1924"]
[PlyCount "75"]
[EventDate "2023.05.19"]
[EventType "swiss"]
[EventRounds "6"]
[EventCountry "NED"]
[SourceTitle "CBM 214 Extra"]
[Source "ChessBase"]
[SourceDate "2023.07.31"]
[SourceVersion "1"]
[SourceVersionDate "2023.07.31"]
[SourceQuality "1"]

1. d4 Nf6 2. Nf3 d5 3. Bf4 c5 4. e3 Nc6 5. Nbd2 Qb6 6. dxc5 Qxb2 7. Rb1 Qc3 8. Bb5 g6 9. Be5 Qa5 10. c4 a6 11. Bxc6+ bxc6 12. Nd4 Bg7 13. cxd5 Qxc5 14. Qa4 Qxd5 15. Qxc6+ Qxc6 16. Nxc6 Bd7 17. Nd4 0-0 18. Rb7 Rfd8 19. 0-0 Nd5 20. Bxg7 Kxg7 21. h3 e5 22. N4f3 Bb5 23. Rc1 Rac8 24. Rxc8 Rxc8 25. Nxe5 Rc1+ 26. Kh2 Rc2 27. Rxf7+ Kg8 28. Ne4 Rxa2 29. Nd6 Rd2 30. Ng4 h5 31. Nh6+ Kh8 32. Ne4 Rc2 33. Ng5 Rc7 34. e4 Be8 35. Rf8+ Kg7 36. Ne6+ Kxh6 37. Rxe8 Re7 38. Rh8+ 1-0

[Event "Titled Tuesday intern op 09th May Late"]
[Site "Chess.com INT"]
[Date "2023.05.09"]
[Round "2"]
[White "Jonkman, Harmen"]
[Black "Eke, Salih"]
[Result "1-0"]
[WhiteElo "2323"]
[BlackElo "2283"]
[PlyCount "187"]
[EventDate "2023.05.09"]
[EventType "swiss (blitz)"]
[EventRounds "11"]
[EventCountry "USA"]
[SourceTitle "CBM 214 Extra"]
[Source "ChessBase"]
[SourceDate "2023.07.31"]
[SourceVersion "1"]
[SourceVersionDate "2023.07.31"]
[SourceQuality "1"]

1. d4 Nf6 2. Nf3 e6 3. Bf4 c5 4. e3 Nc6 5. Nbd2 Be7 6. h3 0-0 7. Bd3 b6 8. 0-0 Bb7 9. c3 d5 10. Ne5 Nxe5 11. dxe5 Ne4 12. Qc2 Nxd2 13. Qxd2 g6 14. Rad1 Bg5 15. Qe2 Bxf4 16. exf4 Qh4 17. Qd2 Rfd8 18. Kh2 a5 19. g3 Qe7 20. Rfe1 a4 21. Qe2 a3 22. b3 d4 23. c4 h5 24. Be4 Kg7 25. Rd3 Rab8 26. Qd2 Bxe4 27. Rxe4 Qb7 28. Re1 b5 29. cxb5 Qxb5 30. Rc1 Rd5 31. Rc4 Kg8 32. Qc1 Rbd8 33. Qxa3 Rb8 34. Qc1 Ra8 35. Qc2 Qa5 36. Ra4 Qd8 37. Rxa8 Qxa8 38. a4 Qc6 39. Qc4 Rd7 40. Kg1 Qe4 41. Qc2 Qe1+ 42. Kg2 Qb4 43. Rd2 d3 44. Qb2 Qe4+ 45. Kh2 c4 46. bxc4 Qxc4 47. a5 Kh7 48. Qa3 Qa6 49. Qb4 Rd5 50. Qc3 Rxa5 51. Qxd3 Qa7 52. Qd7 Kg7 53. Qxa7 Rxa7 54. Kg2 Ra3 55. Rd4 Ra2 56. Rd6 Ra4 57. Kf3 Ra3+ 58. Kg2 Ra4 59. Rd3 Rb4 60. Re3 Ra4 61. Kf3 Rc4 62. g4 hxg4+ 63. hxg4 Ra4 64. Re4 Ra3+ 65. Re3 Ra4 66. Kg3 Ra5 67. Re4 Ra3+ 68. f3 Ra1 69. Re2 Rg1+ 70. Rg2 Ra1 71. f5 gxf5 72. gxf5 exf5 73. Kf4+ Kf8 74. Kxf5 Ke7 75. f4 Ra7 76. Rb2 Rc7 77. Rb6 Ra7 78. Rc6 Rd7 79. Ra6 Rb7 80. Kg5 Rc7 81. f5 Rb7 82. Kh6 Rb5 83. f6+ Ke8 84. Kg7 Rxe5 85. Ra8+ Kd7 86. Kxf7 Re1 87. Ra7+ Kd6 88. Kf8 Rf1 89. f7 Ke6 90. Ke8 Rb1 91. Ra6+ Kd5 92. f8Q Rb8+ 93. Kf7 Rxf8+ 94. Kxf8 1-0

[Event "Sunway Formentera op 2nd"]
[Site "Sant Ferran de ses Roques"]
[Date "2023.04.27"]
[Round "9"]
[White "Jonkman, Harmen"]
[Black "Sahithi Varshini, M."]
[Result "1/2-1/2"]
[WhiteElo "2323"]
[BlackElo "2260"]
[PlyCount "109"]
[EventDate "2023.04.18"]
[EventType "swiss"]
[EventRounds "10"]
[EventCountry "ESP"]
[SourceTitle "CBM 213 Extra"]
[Source "ChessBase"]
[SourceDate "2023.05.31"]
[SourceVersion "1"]
[SourceVersionDate "2023.05.31"]
[SourceQuality "1"]

1. d4 Nf6 2. Nf3 d5 3. Bf4 c5 4. e3 Nc6 5. Nbd2 Qb6 6. dxc5 Qxb2 7. Rb1 Qa3 8. Bb5 e6 9. Ne5 Bd7 10. Nxd7 Nxd7 11. 0-0 a6 12. Be2 Nxc5 13. c4 Be7 14. cxd5 exd5 15. e4 Ne6 16. Bg3 dxe4 17. Nc4 Qc3 18. Rxb7 0-0 19. Ne3 Bc5 20. Qc1 Ncd4 21. Bc4 Qxc1 22. Rxc1 a5 23. Kf1 Rad8 24. a4 Bb4 25. Be5 Nc5 26. Rc7 Ndb3 27. Rc2 Nd2+ 28. Ke2 Nxc4 29. Nxc4 Nd3 30. Bg3 f5 31. f3 f4 32. Bh4 exf3+ 33. Kxf3 g5 34. Bf2 Rc8 35. Nb6 g4+ 36. Ke2 Rcd8 37. Nd7 Rf7 38. Kxd3 Rfxd7+ 39. Rxd7 Rxd7+ 40. Ke4 Rd2 41. Rxd2 Bxd2 42. Bb6 Kf7 43. Bc7 Ke6 44. h4 gxh3 45. gxh3 Kd7 46. Bxa5 Bxa5 47. Kxf4 Ke6 48. h4 Kf6 49. h5 h6 50. Kg4 Ke5 51. Kf3 Kf5 52. Kg2 Kg5 53. Kh1 Kxh5 54. Kg1 Kg4 55. Kh1 1/2-1/2

[Event "Sunway Formentera op 2nd"]
[Site "Sant Ferran de ses Roques"]
[Date "2023.04.21"]
[Round "4"]
[White "Jonkman, Harmen"]
[Black "Vaishali, Ramesh Babu"]
[Result "0-1"]
[WhiteElo "2323"]
[BlackElo "2433"]
[PlyCount "102"]
[EventDate "2023.04.18"]
[EventType "swiss"]
[EventRounds "10"]
[EventCountry "ESP"]
[SourceTitle "CBM 213 Extra"]
[Source "ChessBase"]
[SourceDate "2023.05.31"]
[SourceVersion "1"]
[SourceVersionDate "2023.05.31"]
[SourceQuality "1"]

1. d4 d5 2. Nf3 Nc6 3. Bf4 Bf5 4. e3 e6 5. a3 Bd6 6. Bg3 Nf6 7. c4 Ne4 8. Nc3 Ne7 9. Rc1 c6 10. Nxe4 Bxe4 11. Bd3 0-0 12. c5 Bb8 13. 0-0 Bxd3 14. Qxd3 Ng6 15. b4 a6 16. a4 Bxg3 17. hxg3 Re8 18. Rb1 e5 19. Qf5 e4 20. Ng5 Qc7 21. b5 h6 22. Nh3 axb5 23. axb5 Re6 24. bxc6 bxc6 25. Rb6 Rf6 26. Qg4 Nf8 27. Nf4 Ne6 28. Rfb1 Nxf4 29. gxf4 Rg6 30. Qf5 Rf6 31. Qe5 Qd7 32. Qh5 Kh7 33. Rb7 Qe6 34. R1b2 Rf5 35. Qd1 h5 36. Rc7 Qg6 37. Kh2 Rf6 38. Re7 Rf5 39. g3 Qh6 40. Kg2 g5 41. Rbb7 Qg6 42. Re5 gxf4 43. exf4 Rxe5 44. dxe5 Ra2 45. Qb1 Rd2 46. Qe1 Rd3 47. Qe2 Rf3 48. Rd7 h4 49. Rd6 Qg4 50. Qe1 e3 51. Qb1+ Kg7 0-1

[Event "Titled Tuesday intern op 11th Apr Late"]
[Site "Chess.com INT"]
[Date "2023.04.11"]
[Round "2"]
[White "Jonkman, Harmen"]
[Black "Sahl, Bjarke"]
[Result "1-0"]
[WhiteElo "2323"]
[BlackElo "2240"]
[PlyCount "53"]
[EventDate "2023.04.11"]
[EventType "swiss (blitz)"]
[EventRounds "11"]
[EventCountry "USA"]
[SourceTitle "CBM 213 Extra"]
[Source "ChessBase"]
[SourceDate "2023.05.31"]
[SourceVersion "1"]
[SourceVersionDate "2023.05.31"]
[SourceQuality "1"]

1. e4 Nc6 2. Nf3 e5 3. Bb5 a6 4. Ba4 Nf6 5. d3 Bc5 6. 0-0 b5 7. Bb3 d6 8. a4 Rb8 9. h3 h6 10. axb5 axb5 11. Nc3 g5 12. Nh2 Nd4 13. Ba2 g4 14. hxg4 Rg8 15. Nd5 Nxg4 16. Ne3 Nxh2 17. Kxh2 Qh4+ 18. Kg1 Bg4 19. f3 Bh3 20. Rf2 Ne6 21. c3 Qxf2+ 22. Kxf2 Rxg2+ 23. Ke1 Rg1+ 24. Kd2 Rxd1+ 25. Kxd1 Nf4 26. Kc2 b4 27. Bc4 1-0